书目信息 |
| 题名: |
雅克印记
|
|
| 作者: | 侯百镇 主编 ;雅克设计机构 编著 | |
| 分册: | 规划 | |
| 出版信息: | 上海 同济大学出版社 2007.01 |
|
| 页数: | 249页 | |
| 开本: | 29cm | |
| 丛书名: | ||
| 单 册: | ||
| 中图分类: | TU206 | |
| 科图分类: | ||
| 主题词: | 建筑设计--jian zhu she ji--中国--图集 | |
| 电子资源: | ||
| ISBN: | 9787560834757 | |
| 000 | 00870nam0 2200241 450 | |
| 001 | 012007785653 | |
| 005 | 20070514085227.20 | |
| 010 | @a9787560834757@dCNY258.00 (全2册) | |
| 100 | @a20070329d2007 km y0chiy0120 ea | |
| 101 | 0 | @achi@aeng |
| 102 | @aCN@b310000 | |
| 105 | @aa z 000yy | |
| 200 | 1 | @a雅克印记@Aya ke yin ji@i规划@f候百镇主编@Fhou bai zhen zhu bian@g雅克设计机构编著@Gya ke she ji ji gou bian zhu |
| 210 | @a上海@c同济大学出版社@d2007.01 | |
| 215 | @a249页@c图@d29cm | |
| 330 | @a本册为规划册,介绍了总体规划及景观规划、城市设计及详细规划、旧城改造、街道设计、旅游度假区规划、专题研究等。 | |
| 517 | 1 | @a规划@Agui hua |
| 606 | 0 | @a建筑设计@Ajian zhu she ji@y中国@j图集 |
| 690 | @aTU206@v4 | |
| 701 | 0 | @a侯百镇@Ahou bai zhen@4主编 |
| 712 | 02 | @a雅克设计机构@Aya ke she ji ji gou@4编著 |
| 801 | 0 | @aCN@c20070514 |
| 905 | @a10447@dTU206@eH422:1 | |
| 雅克印记.规划/候百镇主编/雅克设计机构编著.-上海:同济大学出版社,2007.01 |
| 249页:图;29cm |
| ISBN 9787560834757:CNY258.00 (全2册) |
| 本册为规划册,介绍了总体规划及景观规划、城市设计及详细规划、旧城改造、街道设计、旅游度假区规划、专题研究等。 |
| ● |
| 相关链接 |
|
|
|
正题名:雅克印记
索取号:TU206/H422:1
 
预约/预借
| 序号 | 登录号 | 条形码 | 馆藏地/架位号 | 状态 | 备注 |
| 1 | 239089 | 202390894 | 建筑库101/101建筑库 41排2列3层/ [索取号:TU206/H422:1] | 在馆 |